Účtovanie a vykazovanie nakupovaných zásob v účtovnej jednotke (aplikácia na konkrétnu účtovnú jednotku) bakalárska práca

Guardado en:
Detalles Bibliográficos
Autor principal: Brodniansky, Peter
Autor Corporativo: Fakulta hospodárskej informatiky EU. Katedra účtovníctva a audítorstva
Otros Autores: Ondrušová, Lucia, 1981-
Formato: Libro
Lenguaje:eslovaco
Publicado: Bratislava 2020
Etiquetas: Agregar Etiqueta
Sin Etiquetas, Sea el primero en etiquetar este registro!

MARC

LEADER 00000nbm a2200000 4500
001 0268106
005 20210427212534.7
041 0 |a slo 
044 |a SK 
245 1 0 |a Účtovanie a vykazovanie nakupovaných zásob v účtovnej jednotke (aplikácia na konkrétnu účtovnú jednotku)  |b bakalárska práca  |c Peter Brodniansky ; školiteľ: Lucia Ondrušová 
264 1 |a Bratislava  |c 2020 
300 |a 48 s. 
100 1 |a Brodniansky, Peter 
700 1 |a Ondrušová, Lucia, 1981- 
710 2 |a Fakulta hospodárskej informatiky EU. Katedra účtovníctva a audítorstva